000 00267nam a22001217a 4500
003 SGT
082 _a617.3
_bA07H
100 _aHAMBLEN, DAVID L.
245 _aADAMS'S OUTLINE OF FRACTURES
260 _aINDIA
_bELSEVIER
_c2007
300 _a328
942 _2ddc
_cBK
_03
999 _c14886
_d14886